This is South Africa. (Record no. 120005)
[ view plain ]
| 000 -LEADER | |
|---|---|
| fixed length control field | 00687mam a2200241 a 4500 |
| 001 - CONTROL NUMBER | |
| control field | 3324488 |
| 003 - CONTROL NUMBER IDENTIFIER | |
| control field | ARRUPE |
| 005 - DATE AND TIME OF LATEST TRANSACTION | |
| control field | 20140207133305.0 |
| 008 - FIXED-LENGTH DATA ELEMENTS--GENERAL INFORMATION | |
| fixed length control field | 921014s1990 sa ab f000 0 eng d |
| 020 ## - INTERNATIONAL STANDARD BOOK NUMBER | |
| International Standard Book Number | 0797015132 |
| 035 ## - SYSTEM CONTROL NUMBER | |
| System control number | (OCoLC)ocm26781957 |
| 040 ## - CATALOGING SOURCE | |
| Original cataloging agency | VRD |
| Transcribing agency | VRD |
| Modifying agency | NNC |
| 043 ## - GEOGRAPHIC AREA CODE | |
| Geographic area code | f-sa--- |
| 050 #4 - LIBRARY OF CONGRESS CALL NUMBER | |
| Classification number | DT758 |
| Item number | .T49 1990 |
| 092 ## - LOCALLY ASSIGNED DEWEY CALL NUMBER (OCLC) | |
| Classification number | 968.06 |
| Item number | T448, 1990 |
| 300 ## - PHYSICAL DESCRIPTION | |
| Other physical details | ill., 1 folded map ; |
| Dimensions | 20 cm. |
| 245 00 - TITLE STATEMENT | |
| Title | This is South Africa. |
| 260 ## - PUBLICATION, DISTRIBUTION, ETC. (IMPRINT) | |
| Place of publication, distribution, etc | Pretoria : |
| Name of publisher, distributor, etc | Bureau for Information, |
| Date of publication, distribution, etc | 1990. |
| 300 ## - PHYSICAL DESCRIPTION | |
| Extent | 138 p. : |
| 651 #0 - SUBJECT ADDED ENTRY--GEOGRAPHIC NAME | |
| Geographic name | South Africa |
| General subdivision | Description and travel. |
| 9 (RLIN) | 8529 |
| 710 1# - ADDED ENTRY--CORPORATE NAME | |
| Corporate name or jurisdiction name as entry element | South Africa. |
| Subordinate unit | Bureau for Information. |
| 9 (RLIN) | 8530 |
| 942 ## - ADDED ENTRY ELEMENTS (KOHA) | |
| Source of classification or shelving scheme | Library of Congress Classification |
| Koha item type | Monograph ( Printed materials) |
| Withdrawn status | Lost status | Source of classification or shelving scheme | Damaged status | Not for loan | Collection code | Home library | Current library | Shelving location | Date acquired | Total Checkouts | Full call number | Barcode | Date last seen | Price effective from | Koha item type |
|---|---|---|---|---|---|---|---|---|---|---|---|---|---|---|---|
| Library of Congress Classification | REFERENCE | ARRUPE LIBRARY | ARRUPE LIBRARY | Main Collection | 07/02/2014 | SPC DT752.P625 1992 | 46500000009 | 07/02/2014 | 07/02/2014 | REFERENCE |